Normal view
MARC view
- اعداد الحكواتي، ماجد؛ عدنان جابر؛ مراجعة عبد العزيز جمعة؛ تنفيذ جبر،أحمد سعد وأخرون
Entry Personal Name
001 - CONTROL NUMBER
- control field: 45397
003 - CONTROL NUMBER IDENTIFIER
- control field: JO-AjAnu
005 - DATE AND TIME OF LATEST TRANSACTION
- control field: 20230606081517.0
008 - FIXED-LENGTH DATA ELEMENTS
- fixed length control field: 230606|| aca||aabn | a|a d
040 ## - CATALOGING SOURCE
- Original cataloging agency: JO-AjAnu
- Transcribing agency: JO-AjAnu
100 ## - HEADING--PERSONAL NAME
- Personal name: اعداد الحكواتي، ماجد؛ عدنان جابر؛ مراجعة عبد العزيز جمعة؛ تنفيذ جبر،أحمد سعد وأخرون
670 ## - SOURCE DATA FOUND
- Source citation: Work cat.: (JO-AjAnu)23243: اعداد الحكواتي، ماجد؛ عدنان جابر؛ مراجعة عبد العزيز جمعة؛ تنفيذ جبر،أحمد سعد وأخرون, author, مختارات من الشعر العربي في القرن العشرين، ج5